000 00421pam a2200157a 44500
008 230515b2014 xxu||||| |||| 00| 0 eng d
020 _aNULL
041 _aENGLISH
082 _a621.75/CHO/HAJ
100 _aCHOUDHARI /HAJRA S
245 _aWORKSHOP TECHNOLOGY VOL -II MACHINE TOOLS
250 _a2 ND ED
260 _aMUMBAI
_bMEDIA PROMOTERS AND PUBLISHERS PVT LTD
_c2014
300 _aXVI/726 PB
650 _aNULL
999 _c665495
_d665495